| 000 | 00370nam a2200145Ia 4500 | ||
|---|---|---|---|
| 008 | 230312s9999||||xx |||||||||||||| ||und|| | ||
| 020 | _a978-9332535039 | ||
| 082 |
_a621.3804 _bOPP-D |
||
| 100 | _aOppenheim;Alan.V | ||
| 245 | 0 | _aDiscrete-Time Signal Processing | |
| 260 |
_bPearsons _aIndia _c2016 |
||
| 300 | _a1052 | ||
| 650 |
_aEngineering _vElectrical |
||
| 942 | _cBK | ||
| 999 |
_c13875 _d13875 |
||